| 000 | 00448nam a2200169Ia 4500 | ||
|---|---|---|---|
| 008 | 230524s9999 xx 000 0 und d | ||
| 020 | _a9781107476417 | ||
| 082 | _bAGA | ||
| 100 |
_aShikha Agarwal _942201 |
||
| 245 | 0 | _aEngineering Chemistry : Fundamentals and Applications. | |
| 250 | _a1 | ||
| 260 |
_aNew Delhi _bCambridge University _c2015 |
||
| 300 | _a"XV,1165p;" | ||
| 500 | _aQuantity Number: 1 | ||
| 650 | _aChemistry | ||
| 942 | _cBK | ||
| 999 |
_c56550 _d56550 |
||